000 00269nam a22001217a 4500
008 170508b xxu||||| |||| 00| 0 eng d
041 _aeng
080 _26TH
_a34
100 _a15
101 _aSHJ
245 _aFACTS ABOUT THE PRESIDENTS
_cKANE, J.N
942 _2udc
_cBK
999 _c12961
_d12961